00334nam a22000977a 4500082001200000100001900012245010000031260004200131650002600173700003700199 a200 THE aUmair Zulfiqar aTH-SOF-1258-Improved Frequency Limited Interval Gramians based Model Order Reduction Techniques aIslamabadbNUST College of EME c2016 aMS-ELECT-79 MSTHESIS aSupervisor Dr. Muwahida Liaquat